Statistics for States of the North East USA (With Hints)

Click here to take the quiz!

General Stats

  • This quiz has been taken 35 times
  • The average score is 8 of 9

Answer Stats

AnswerA bit of a hint% Correct
MaineThis name could be shorthand for 'the mainland'.
100%
New YorkCharles II gave this to his brother, the Duke of ____. This position is today held by the king or queen's second son.
97%
New EnglandConnecticutThe state's name comes from the Mohegan word 'quonehtacut', meaning 'place of the long tidal river'.
94%
Mid AtlanticNew JerseyThis was named after the largest island in the English Channel.
94%
Rhode IslandIt's possible that Dutch captain Adriaen Block saw this region and noticed its red autumnal leaves: he called it 'een rodlich Eylande'.
94%
New HampshireNamed after a county on the south coast of England, by John Mason. He drew up the first English map of Newfoundland, but he never actually got to New England.
91%
MassachusettsNamed after the area's original inhabitants. Their name may come in turn from 'muswach8sut' in the Wôpanâak language: 'by the great hill'.
88%
VermontA French mariner, Samuel de Champlain, called it (in French) a 'green mountain'.
88%
PennsylvaniaWilliam Penn was a Quaker who founded a colony here. Its name indicates woods belonging to him.
85%

Score Distribution

Percentile by Number Answered

Percent of People with Each Score

Your Score History

You have not taken this quiz